Proceedings /

Guardado en:
Autores Corporativos: Annual symposium on foundations of computer science Milwaukee, Wisconsin), IEEE Computer Society. Technical Committee on Mathematical Foundations of Computing.
Formato: Libro
Idioma:English
Publicado: Los Alamitos, Calif. : IEEE Computer Society Press, c1995.
Etiquetas: Agregar Etiqueta
Sin Etiquetas, Sea el primero en etiquetar este registro!
LEADER 01009nam a22002055a 4500
001 MAT.inmabb006596
008 120803s1995####caua#####b####101#0#eng#d
005 20160519151708.0
245 1 0 |a Proceedings /  |c 36th Annual Symposium on Foundations of Computer Science, October 23-25, 1995, Milwaukee, Wisconsin ; sponsored by IEEE Computer Society Technical Committee on Mathematical Foundations of Computing. 
260 |a Los Alamitos, Calif. :  |b IEEE Computer Society Press,  |c c1995. 
300 |a xiii, 735 p. :  |b il. ;  |c 28 cm. 
504 |a Incluye referencias bibliográficas e índice de autores. 
510 4 |a MR,  |c 99a:68010 
020 |a 0818671831 
022 |a 0272-5428 
111 2 |a Annual symposium on foundations of computer science  |n (36º :  |d 1995 :  |c Milwaukee, Wisconsin) 
710 2 |a IEEE Computer Society.  |b Technical Committee on Mathematical Foundations of Computing. 
246 1 8 |a 36th Symposium on Foundations of Computer Science 
084 |a 68-06  |2 msc2000 
859 |h 68  |i An615-36  |p A-7245  |b BIB. MATEMATICA